Manwal sa pangangaral : (Record no. 54414)
[ view plain ]
| 000 -LEADER | |
|---|---|
| fixed length control field | 01188nam a22002057a 4500 |
| 005 - DATE AND TIME OF LATEST TRANSACTION | |
| control field | 20250915201502.0 |
| 008 - FIXED-LENGTH DATA ELEMENTS--GENERAL INFORMATION | |
| fixed length control field | 250915b |||||||| |||| 00| 0 eng d |
| 020 ## - INTERNATIONAL STANDARD BOOK NUMBER | |
| International Standard Book Number | 9715118453 |
| 040 ## - CATALOGING SOURCE | |
| Original cataloging agency | bsop |
| 100 ## - MAIN ENTRY--PERSONAL NAME | |
| Personal name | Castro, Samuel V. |
| 245 ## - TITLE STATEMENT | |
| Title | Manwal sa pangangaral : |
| Remainder of title | para sa trainor / |
| Statement of responsibility, etc | Samuel V. Castro |
| 264 ## - PRODUCTION, PUBLICATION, DISTRIBUTION, MANUFACTURE STATEMENTS | |
| Place of production, publication, distribution, manufacture | Mandaluyong City, Philippines : |
| Name of producer, publisher, distributor, manufacturer | <a href="OMF Literature Inc.,">OMF Literature Inc.,</a> |
| Date of production, publication, distribution, manufacture | c2004. |
| 300 ## - PHYSICAL DESCRIPTION | |
| Extent | 122 pages : illustrations ; 28 cm |
| 336 ## - CONTENT TYPE | |
| Content Type Term | text |
| 337 ## - MEDIA TYPE | |
| Media Type Term | unmediated |
| 338 ## - CARRIER TYPE | |
| Carrier Type Term | volume |
| 505 0# - FORMATTED CONTENTS NOTE | |
| Formatted contents note | Pambungad na Salita--1. Mga Saligang Paniniwala--2. Ang Nangangaral--3. Ang Sermon: Kahulugan, mga Bahagi, at Kahalintulad--4. Pagpapaliwanag ng biblia--5. Mga Hakbang sa Paghahanda ng Sermon--6. Pagpili ng Teksto--7. Paghihintay ng Teksto--8. Pagbuo ng Katawan ng Sermon--9. Pagpapalawak ng Sermon--10.Pagsulat ng Sermon--11. Paggawa ng Sermon ng Buong Klase--12. Pagbabahagi ng Sermon--13. Sa Panig ng Nangangaral--14. Paglago ng Nangangaral--15. Paggawa ng Santaong Plano ng Pangangaral--16. Mga Tanong Tungkol sa Pangangaral--Apendise: Mula Pagkatuyo Tungo sa Paglago: Patotoo ng May-Akda--Bibliograpiya --Mga Visual Aid<br/> |
| 650 ## - SUBJECT ADDED ENTRY--TOPICAL TERM | |
| Topical term or geographic name as entry element | Preaching |
| 942 ## - ADDED ENTRY ELEMENTS (KOHA) | |
| Source of classification or shelving scheme | Library of Congress Classification |
| Item type | Books |
| Withdrawn status | Lost status | Source of classification or shelving scheme | Damaged status | Not for loan | Home library | Current library | Shelving location | Date acquired | Source of acquisition | Inventory number | Total Checkouts | Full call number | Barcode | Date last seen | Price effective from | Koha item type |
|---|---|---|---|---|---|---|---|---|---|---|---|---|---|---|---|---|
| Library of Congress Classification | BSOP Library | BSOP Library | Filipiniana Reference | 09/15/2025 | OMF Literature | 48949 | BV4227 C27 2004 | 00061902 | 09/15/2025 | 09/15/2025 | Books |
